000 00813nam a2200241 a 4500
001 BRCA_1220
005 20190320203332.0
008 290705s1999----mx-a---###---#000-0#spa-d
020 _a9687009829
050 4 _aND250
_b.P56 1999
245 1 0 _aPintura y vida cotidiana
_ben México 1650-1950
_cGustavo Curiel ... [et al.].
260 _aMéxico
_bFomento Cultural Banamex
_cc1999
300 _a365 p.
_bil. a color
_c31 cm.
_eun folleto
500 _aIncluye índice de ilustraciones
500 _aEstado físico: encuadernado, enero 2013
504 _aBibliografía : p. 354-359
650 1 4 _aPintura mexicana
_xHistoria
_92356
650 1 4 _aMexicanos en el arte
_94005
651 4 _aMéxico en el arte
_94006
700 1 _aCuriel, Gustavo
_92378
710 2 _aFomento Cultural Banamex
_93936
942 _2lcc
_cB
999 _c1092
_d1092